Регионална библиотека "Любен Каравелов" - Русе

Класически митове (Запис номер 81513)

MARC детайли
000 -Лидер
Контролно поле с фиксирана дължина 01980nam a2200445 c 4500
003 - Код на организацията, давaща контролен номер
Контролно поле BLK
005 - Дата и час на последна редакция
Контролно поле 20180422103951.0
008 - Елементи от данни с фиксирана дължина
fixed length control field 180408b bul|||||r ||||||| ||bul||
010 ## - Наследен системен номер
LC control number KNG00086017000
020 ## - Международен стандартен номер на книга ISBN
Международен стандартен номер на книга ISBN 978-954-330-147-8
-- издат.: Унискорп
040 ## - Източник на каталожния запис
Идентификатор на билиотеката - собственик на записа BLK
041 ## - Код за език
Код за езика на текст/звукозапис или на отделно заглавие Български
Код за езика КДБФ Български
080 ## - УДК
Текстов определител УДК Класически митологии. Религии на Древна Гърция и Рим, етруска религия. Подразделя се като 291
УДК код - определител по УДК 292
УДК определител
УДК - код + определител 292
100 1# - Редна дума - Автор
Автор Бингъм, Джейн
Авторска отговорност първи автор
R(LIN) 372469
139 ## - Редно поле
Редна дума Бингъм, Джейн
Авторски знак Би - Б 44
245 10 - Сведения за заглавието
Заглавие Класически митове
Подзаглавни данни Съкровищница с гръцки и римски легенди, изкуство и история
Редно поле (дума) Джейн Бингъм; прев. от англ. Илия Илиев.
257 ## - Страна на издаване
Страна на създаване/издаване Великобритания
260 ## - Област на издателските данни
-- София
Име на издателя, разпространителя и проч. Унискорп
Година на издаване 2008
Печатница отпеч. с Китай
300 ## - Физическа характеристика
Страници 96 с.
Илюстрации и др. с цв. ил.
Размери/Мащаб 23 см
380 ## - Жанр
Жанр Детска отраслова лит.
490 1# - СЕРИИ (Колекции)
Име на серия Светът на митовете
500 ## - Общи забележки
Забележка Ориг. загл. Classical Myth / Jane Bingham. - Офс. изд. - Хронология на класическата епоха ; Речник ; Показалец. - Библиогр. с. 93.
504 ## - Забележка за наличие на библиография и др
Забележка за наличие на библиография и под. 93
590 ## - Забележки на библиотеката, притежаваща документа (RLIN)
Служебно ф
650 #4 - Допълнително описание по предмет – тема
Основно описание – тема или топоним Митология - Древна Гърция
9 (RLIN) 271903
650 #4 - Допълнително описание по предмет – тема
Основно описание – тема или топоним Митология - Древен Рим
9 (RLIN) 300142
651 #4 - Допълнително описание по предмет - топоним
Географско понятие Древна Гърция
9 (RLIN) 242869
651 #4 - Допълнително описание по предмет - топоним
Географско понятие Древен Рим
9 (RLIN) 254522
653 ## - Ключова дума – ненормативна
Ключова дума митология
653 ## - Ключова дума – ненормативна
Ключова дума древногръцки митове
653 ## - Ключова дума – ненормативна
Ключова дума древноримски митове
653 ## - Ключова дума – ненормативна
Ключова дума история
653 ## - Ключова дума – ненормативна
Ключова дума изкуство
700 1# - Други автори (авторска отговорност)
Лично име Илиев, Илия
Автороска отговорност (Описва отношението между автора и произведението) прев. от англ.
Друга информация Кожухаров, Илия Илиев
9 (RLIN) 363839
852 ## - Местоположение
Форматна сигнатура Цб 241611
856 4# - Електронен адрес и достъп
Електронен формат pdf - файл
Път до файла /url/
856 4# - Електронен адрес и достъп
Електронен формат pdf - файл
Път до файла /url/
942 ## - АРТИКУЛИ
Вид на библиотечния материал Книги
Скрит в OPAC Не
944 ## - СЪЗДАВАНЕ И РЕДАКЦИЯ на ЗАПИСА
Създаване/Редакция Създаване
Дата на регистрацията/редакция 24.10.2008
Служител, извършил регистрацията/редакцията Людмила_Стоянова
944 ## - СЪЗДАВАНЕ И РЕДАКЦИЯ на ЗАПИСА
Създаване/Редакция Редакция
Дата на регистрацията/редакция 30.10.2008
Служител, извършил регистрацията/редакцията
999 ## - СИСТЕМНИ КОНТРОЛНИ НОМЕРА
Koha biblionumber 81513
Koha biblioitemnumber 81513
Наличности
Код за отписване Код за изгубен артикул Код за повреда Коз за рестрикции Код за отдаване Артикулен № Име на библиотеката - собственик Име на библиотеката, в която се намира в момента Статус (Текущо местоположение) Дата на вписване в системата Местоположение - отдел Цена в лева Инвентарен номер Систематично азбучна сигнатура Баркод Номер на екземпляра Цена в евро Служебна бележка Служебен тип на артикула
  Не е изгубен Не е повреден без рестрикции заемане за дома 132327 Регионална библиотека "Любен Каравелов" Русе Регионална библиотека "Любен Каравелов" Русе Детски отдел 2008-10-17 Детски отдел 15.00 120000730696 ДН 2/Б 44 120000730696 1 7.67 Дост: Pk Вид: Ф N: 8705 Дата: 14.10.2008 Дата инв: 26.08.2015 Бележки инв: Д2015 Книги
Vip Innovations Ltd, Rousse, Bulgaria 2025